Animal genetics: (Record no. 419)

000 -LEADER
fixed length control field 00463nam a22001697a 4500
008 - FIXED-LENGTH DATA ELEMENTS--GENERAL INFORMATION
fixed length control field 160929b xxu||||| |||| 00| 0 eng d
020 ## - INTERNATIONAL STANDARD BOOK NUMBER
International Standard Book Number 9788127243777(pbk.)
082 ## - DEWEY DECIMAL CLASSIFICATION NUMBER
Edition number 23
Classification number 572.8
Item number SIN
100 ## - MAIN ENTRY--PERSONAL NAME
Personal name Singh, Gurvinder
245 ## - TITLE STATEMENT
Title Animal genetics:
Remainder of title concept and implications
250 ## - EDITION STATEMENT
Edition statement 1st ed.
260 ## - PUBLICATION, DISTRIBUTION, ETC. (IMPRINT)
Place of publication, distribution, etc. New Delhi
Name of publisher, distributor, etc. Kalyani Publishers
Date of publication, distribution, etc. 2008
300 ## - PHYSICAL DESCRIPTION
Extent viii,293p.;
Dimensions 24cm.
650 ## - SUBJECT ADDED ENTRY--TOPICAL TERM
Source of heading or term Zoology
Topical term or geographic name as entry element Zoology
653 ## - INDEX TERM--UNCONTROLLED
Uncontrolled term Animal genetics
942 ## - ADDED ENTRY ELEMENTS (KOHA)
Source of classification or shelving scheme
Koha item type Books
Holdings
Withdrawn status Lost status Source of classification or shelving scheme Materials specified (bound volume or other part) Damaged status Not for loan Collection code Permanent location Current location Shelving location Date acquired Coded location qualifier Cost, normal purchase price Total Checkouts Full call number Barcode Date last seen Date last checked out Cost, replacement price Price effective from Koha item type Source of acquisition
      PB     Zoology Section Maulana Azad Central Library Maulana Azad Central Library General Stacks 2016-09-29 ZOO 250.00 3 572.8 SIN 523 2021-02-11 2021-01-29 250.00 2016-09-29 Books  
      PB     Zoology Section Maulana Azad Central Library Maulana Azad Central Library General Stacks 2016-10-01 ZOO 250.00   572.8 SIN 94 2016-10-01   250.00 2016-10-01 Books  
      PB     Zoology Section Maulana Azad Central Library Maulana Azad Central Library General Stacks 2016-10-17 ZOO 250.00   572.8 SIN 3057 2016-10-17   250.00 2016-10-17 Books by purchase

Copyright @ USTM
Techno City, Kiling Road, Baridua, 9th Mile,
Ri-Bhoi, Meghalaya-793101

Powered by Koha